| 000 | 00481nam a22001457a 4500 | ||
|---|---|---|---|
| 082 | _a621.39 | ||
| 100 | _aTahir, Madiha | ||
| 245 |
_aonline Signature Verification using Segmented Local and Hybrid Features / _cMadiha Tahir |
||
| 260 |
_aIslamabad : _bCEME - NUST, _c2016. |
||
| 300 |
_a43 p. ; _c30cm. |
||
| 650 |
_aComputer Engineering-MS-Thesis _916083 |
||
| 700 |
_aDr. Muhammad Usman Akram _916084 |
||
| 942 |
_2ddc _cTHE |
||
| 999 |
_c536451 _d536451 |
||